| 000 | 00423cam a2200169ua 4500 | ||
|---|---|---|---|
| 020 | _c3.00 | ||
| 041 |
_amal _h |
||
| 082 |
_a590 _bHAS/NA |
||
| 100 | _aHassan Kutty, Arakkal . | ||
| 245 |
_aNammude vanangalum vanyajeevikalum / _cArakkal Hassan Kutty. _hTextual Documents |
||
| 260 |
_a : _bA Sheik Mohammed , _c1964. |
||
| 300 | _a185 ; . | ||
| 365 | _a3.00 | ||
| 504 | _a | ||
| 942 | _cBK | ||
| 999 |
_c5837 _d5837 |
||